000 00659nam a22001937a 4500
003 UA-OsUOA
001 53373
007 ta
008 20151013b un ||||| |||| 00| 0 ukr d
090 _a655
942 _cBR
040 _aUA-OsUOA
_bukr
_cUA-OsUOA
_dUA-OsUOA
245 _aUcrainiana. An exhibition of Ukrainian books and books about Ukraine, The University of Chicago Library, March 22 - May 21 1971
955 _a4
041 _aukr
080 _a655
650 7 _a655 Поліграфічна промисловість. Поліграфічні підприємства. Видавництва. Книжкова торгівля
_2UDC
999 _c433491
_d433491